000 01669cam a22003977a 4500
003 CHAP
005 20220329142926.0
008 050301d2003 mx r 00110 spa d
010 _a89728
011 _a90700
020 _a9707040440
035 _a101257
040 _cCHAP
082 0 4 _a371.3
_bC6
100 0 0 _aComas Rodríguez, Oscar Jorge.
_925538
245 1 0 _aMovilidad académica y efectos no previstos de los estímulos económicos durante el periodo de la modernización educativa :
_bel caso UAM
_c/por Oscar Jorge Comas Rodríguez
260 _aMéxico, D. F. :
_bAsociación Nacional de Universidades e Instituciones de Educación Superior,
_c2003.
300 _a276 p.
410 0 0 _aAsociación Nacional de Universidades e Instituciones de Educación Superior
490 0 _aColección Biblioteca de la Educación Superior. Serie investigaciones
590 _aBATCH-UPD
_b10
_c20130110
_lUCH01
_h0447
590 _aBATCH-UPD
_b10
_c20130110
_lUCH01
_h2339
590 _aBATCH-UPD
_b10
_c20130410
_lUCH01
_h0124
590 _aBATCH-UPD
_b10
_c20130410
_lUCH01
_h1628
590 _aBATCH-UPD
_b10
_c20130914
_lUCH01
_h0420
590 _aBATCH-UPD
_b10
_c20130914
_lUCH01
_h2141
590 _aCONVERSION
_b10
_c20130109
_lUCH01
_h1350
650 1 4 _aFormación de profesores.
_942392
650 1 4 _aPolítica educativa
_zMéxico.
_990561
810 0 0 _aAsociación Nacional de Universidades e Instituciones de Educación Superior
_98093
830 0 0 _aColección Biblioteca de la Educación Superior. Serie investigaciones
_924721
901 _aBK
905 _aLilia
942 _cLIBRO
949 _a371.3 C6
_bBC
_cLIBRO
_d33724000932687
_eLIBRO
_h105085
_i101257
_sb
999 _c89728
_d89728